00858cam a2200241 a 450000100100000000500170001000800410002701000130006802000150008104000180009608200170011410000460013124501390017726000320031630000280034849000290037650400570040565000210046265000260048370000460050970000300055583000310058500000553920200929151715.0960412s1995 sp a b 000 0 spa  a96137452 a8437613728 aDO-SdBNPcDLC a862.6bG633t1 aGómez de la Serna, Ramón,d1888-1963.10aTeatro muerto :bantología /cRamón Gómez de la Serna ; edición de Agustín Muñoz-Alonso López y Jesús Rubio Jiménez. aMadrid :bCátedra,c1995. a583 p. :bil. ;c18 cm.1 aLetras hispánicasv401 aIncluye referencias bibliográficas : (p. 137-148). 4aTeatro español 4aLiteratura española1 aMuñoz-Alonso López, Agustín,d1954-1 aRubio Jiménez, Jesús. 0aLetras hispánicas ;v401